Psicología del razonamiento: estructura y contenido

Saved in:
Bibliographic Details
Main Authors: Wason, P. C (Author), Johnson-Laird, Philip N (Author)
Format: Book
Language:Spanish
Published: Madrid Debate 1981
Series:Colección universitaria
Subjects:
Tags: Add Tag
No Tags, Be the first to tag this record!

MARC

LEADER 00000nam a2200000 a 4500
001 UCY6354
003 CL-VaPUC
008 950526e19810000SP |||||||||||||||||spa|d
082 0 4 |a 153.43  |b WAS  |2 21 
100 0 |a Wason, P. C  |e author  |9 336244 
700 |a Johnson-Laird, Philip N  |e author  |9 454934 
245 1 0 |a Psicología del razonamiento: estructura y contenido 
300 |a 330 p 
942 |c BK 
945 |d 19950526 00:00:00  |a mfernand 
260 |a Madrid  |b Debate  |c 1981 
650 0 |a Razonamiento  |9 256520 
650 0 |a Pensamiento  |9 307612 
650 0 |a Cognición   |9 270347 
650 0 |a Procesos mentales superiores  |9 330839 
650 7 |a DESARROLLO DE LOS PROCESOS MENTALES  |2 CL-VaPUC  |9 334692 
650 7 |a DEDUCCION  |2 CL-VaPUC  |9 336246 
650 7 |a HIPOTESIS  |2 CL-VaPUC  |9 336247 
583 |a last modification  |c 19950526 00:00:00  |k Rodrigo Vera 
490 0 |a Colección universitaria 
999 |c 233921  |d 233919 
952 |0 0  |1 0  |4 0  |6 153_430000000000000_WAS_1981  |7 0  |8 P  |9 239749  |a BIBEDU  |b BIBEDU  |c BIBEDU_PB  |d 2019-11-18  |i 1508997  |o 153.43 WAS 1981  |p 1508997  |r 2024-01-25  |w 2019-11-18  |y BK  |k EDU 
952 |0 0  |1 0  |4 0  |6 153_430000000000000_WAS_1981  |7 0  |8 A  |9 239750  |a FDOPOS  |b FDOPOS  |d 2019-11-18  |i 4312198  |o 153.43 WAS 1981  |p 4312198  |r 2025-01-22  |w 2019-11-18  |y BK  |k MLA